Statistics for Geographic Groups of Two #1 (Easy)

Click here to take the quiz!

General Stats

  • This quiz has been taken 83 times
  • The average score is 21 of 24

Answer Stats

GroupAnswer% Correct
Countries over 1B PopulationChina
100%
Countries over 1B PopulationIndia
100%
Earth's PolesNorth Pole
100%
Earth's PolesSouth Pole
100%
Olympics SeasonsSummer Olympics
99%
Olympics SeasonsWinter Olympics
99%
Mediterranean Island CountriesCyprus
97%
Korea CapitalsSeoul
97%
"Z" CountriesZimbabwe
97%
Mediterranean Island CountriesMalta
96%
Largest Italian IslandsSicily
96%
"Z" CountriesZambia
96%
Non-Contiguous US StatesHawaii
95%
Cold War SuperpowersUSA
95%
Non-Contiguous US StatesAlaska
94%
Largest Man-Made CanalsPanama Canal
94%
Largest Man-Made CanalsSuez Canal
91%
Cold War SuperpowersUSSR
90%
Korea CapitalsPyongyang
85%
Largest Italian IslandsSardinia
75%
Largest Historical EmpiresMongol Empire
71%
Atomic Bombs dropped on JapanLittle Boy
54%
Largest Historical EmpiresBritish Empire
52%
Atomic Bombs dropped on JapanFat Man
43%

Score Distribution

Percentile by Number Answered

Percent of People with Each Score

Your Score History

You have not taken this quiz